000 00405nam a2200157Ia 4500
008 210716s2004 xx 000 0 und d
020 _a8178668653
041 _aeng
082 _a658.802 BADR
100 _aBadi, Ravindranath V; Badi, Narayansa V.
245 _aRural marketing.
250 _a1
260 _aNew Delhi
_bHimalaya Publishing House
_c2004
300 _a641
650 _aRural Marketing
999 _c199752
_d199752